| 000 | 01617cam a22003614a 4500 | ||
|---|---|---|---|
| 001 | 15044384 | ||
| 003 | ARRUPE | ||
| 005 | 20130926131738.0 | ||
| 008 | 071015s2008 ne ab b 001 0 eng | ||
| 010 | _a 2007042034 | ||
| 020 | _a9789004161689 (pbk. : alk. paper) | ||
| 040 |
_aDLC _cDLC _dDLC |
||
| 043 | _af-rh--- | ||
| 050 | 0 | 0 |
_aGN657.R5 _bM83 2008 |
| 100 | 1 |
_aMudege, Netsayi Noris. _91408 |
|
| 245 | 1 | 3 |
_aAn ethnography of knowledge : _bthe production of knowledge in Mupfurudzi resettlement scheme, Zimbabwe / _cby Netsayi Noris Mudege. |
| 260 |
_aLeiden ; _aBoston : _bBrill, _cc2008. |
||
| 300 |
_axi, 238 p. : _bill., maps ; _c24 cm. |
||
| 490 | 0 |
_aAfrika-Studiecentrum series, _vv. 2 |
|
| 504 | _aIncludes bibliographical references (p. [221]-234) and index. | ||
| 650 | 0 |
_aEthnoscience _zZimbabwe _zShamva District. _91409 |
|
| 650 | 0 |
_aHuman settlements _zZimbabwe _zShamva District. _91410 |
|
| 650 | 0 |
_aLand settlement _zZimbabwe _zShamva District. _91411 |
|
| 650 | 0 |
_aTraditional farming _zZimbabwe _zShamva District. _91412 |
|
| 650 | 0 |
_aTraditional ecological knowledge _zZimbabwe _zShamva District. _91413 |
|
| 651 | 0 |
_aShamva District (Zimbabwe) _xSocial policy. _91414 |
|
| 651 | 0 |
_aShamva District (Zimbabwe) _xEconomic policy. _91415 |
|
| 710 | 2 |
_aRijksuniversiteit te Leiden. _bAfrika-Studiecentrum. _91416 |
|
| 856 | 4 | 1 |
_3Table of contents only _uhttp://www.loc.gov/catdir/toc/fy0803/2007042034.html |
| 906 |
_a7 _bcbc _corignew _d1 _eecip _f20 _gy-gencatlg |
||
| 942 |
_2lcc _cMONOGRAPH |
||
| 999 |
_c118086 _d118086 |
||